| 000 | 00739nam a22002057a 4500 | ||
|---|---|---|---|
| 999 |
_c11569 _d11569 |
||
| 003 | AR-CdUCM | ||
| 008 | 190404b ||||| |||| 00| 0 spa d | ||
| 040 |
_aMUNICIPALIDAD PROVINCIAL DEL CUSCO _cBIBLIOTECA MUNICIPAL DEL CUSCO |
||
| 082 |
_a232.9 / _bP45 / 1918 |
||
| 100 |
_aPerez Escrich, Enrique _928995 |
||
| 245 |
_aEl mártir de gólgota : _bTradiciones de oriente / |
||
| 260 |
_aNueva York : _bAppleton y compañía, _c1918. |
||
| 300 |
_atomo I ; _c18 cm. |
||
| 505 | _aContenido : t.1 : Los desterrados -- El ángel de las tinieblas -- El pastor de las almas -- El castillo de Magdalo ... | ||
| 650 |
_aTradiciones _9229 |
||
| 650 |
_aOriente _928996 |
||
| 650 |
_aNueva York _928997 |
||
| 942 |
_2ddc _cLIBROS |
||
| 945 | _arah | ||